[Event "Gibraltar Chess Festival 2017 - Masters"]
[Site "Gibraltar ENG"]
[Date "2017.01.28"]
[Round "5.73"]
[White "Omar, Noaman"]
[Black "Behrendt, Clemens"]
[Result "1-0"]
[WhiteElo "2369"]
[BlackElo "2121"]
[PlyCount "70"]
[EventDate "2017.01.24"]
[EventType "swiss"]
[EventRounds "10"]
[EventCountry "ENG"]
[SourceTitle "Ajedrez en Madrid"]
[Source "lmi"]
[SourceDate "2017.01.24"]

1. d4 Nf6 2. c4 g6 3. Nc3 d5 4. Nf3 Bg7 5. cxd5 Nxd5 6. e4 Nxc3 7. bxc3 O-O 8.
Be2 b6 9. O-O Bb7 10. Qd3 c5 11. Bg5 cxd4 12. cxd4 h6 13. Bh4 g5 14. Bg3 g4 15.
Ne5 e6 16. Rad1 h5 17. Qe3 Kh7 18. d5 Bh6 19. Bf4 Qf6 20. Bxh6 Qxh6 21. Qxh6+
Kxh6 22. dxe6 fxe6 23. Rd6 Rf6 24. f3 gxf3 25. Rxf3 Kg7 26. Rg3+ Kh6 27. Rh3
Kg7 28. Rxh5 Bxe4 29. Rg5+ Kh7 30. Rd4 Rf5 31. Nf3 Kh6 32. Rxe4 Rxg5 33. Nxg5
Kxg5 34. Rg4+ Kf5 35. Rg8 e5 1-0

[Event "Gibraltar Chess Festival 2017 - Masters"]
[Site "Gibraltar ENG"]
[Date "2017.01.28"]
[Round "5.74"]
[White "Gonzalez Gonzalez, Alfonso"]
[Black "Thavandiran, Shiyam"]
[Result "0-1"]
[WhiteElo "2162"]
[BlackElo "2367"]
[PlyCount "146"]
[EventDate "2017.01.24"]
[EventType "swiss"]
[EventRounds "10"]
[EventCountry "ENG"]
[SourceTitle "Ajedrez en Madrid"]
[Source "lmi"]
[SourceDate "2017.01.24"]

1. d4 e6 2. e4 d5 3. e5 c5 4. c3 Nc6 5. Nf3 Bd7 6. a3 Nge7 7. Bd3 cxd4 8. cxd4
Nf5 9. Bxf5 exf5 10. O-O Be6 11. b4 Be7 12. Nc3 a5 13. b5 Na7 14. Qd3 Nc8 15.
Na4 Nb6 16. Nc5 Qc7 17. Be3 Nc4 18. Nd2 Nxe3 19. Qxe3 a4 20. b6 Qc6 21. Rfc1
O-O 22. Rab1 Rfc8 23. Nf3 h6 24. h4 Bd8 25. Ne1 Bxh4 26. Ned3 Bg5 27. f4 Be7
28. Nb4 Qe8 29. Nxb7 Rab8 30. Nc5 Rxb6 31. Nba6 Bxc5 32. Nxc5 Rcb8 33. Qe1 Qe7
34. g3 Kh7 35. Rxb6 Rxb6 36. Rb1 Rxb1 37. Qxb1 g5 38. Qb7 Qe8 39. Kf2 Kg6 40.
Qa7 Qb5 41. Qxa4 Qb2+ 42. Ke1 Qc1+ 43. Ke2 gxf4 44. gxf4 Qxf4 45. Nd3 Qe4+ 46.
Kd2 f4 47. Kc3 Bf5 48. Qd1 h5 49. a4 h4 50. e6 fxe6 51. Ne5+ Kf6 52. a5 h3 53.
Nf3 Bg4 54. a6 Bxf3 55. Qd2 h2 56. a7 h1=Q 57. a8=Q Qe3+ 58. Qxe3 fxe3 59. Qf8+
Kg6 60. Qg8+ Kf6 61. Qf8+ Kg5 62. Qg7+ Kh4 63. Qh6+ Kg3 64. Qxe3 Qa1+ 65. Kb4
Qb2+ 66. Kc5 Qe2 67. Qg1+ Kf4 68. Kd6 Bg4 69. Kc5 Qc4+ 70. Kd6 Bf5 71. Qh2+ Ke4
72. Qh4+ Kd3 73. Ke5 Qc7+ 0-1

[Event "Gibraltar Chess Festival 2017 - Masters"]
[Site "Gibraltar ENG"]
[Date "2017.01.28"]
[Round "5.75"]
[White "Burrows, Martin P"]
[Black "Paehtz, Thomas"]
[Result "1/2-1/2"]
[WhiteElo "2124"]
[BlackElo "2365"]
[PlyCount "89"]
[EventDate "2017.01.24"]
[EventType "swiss"]
[EventRounds "10"]
[EventCountry "ENG"]
[SourceTitle "Ajedrez en Madrid"]
[Source "lmi"]
[SourceDate "2017.01.24"]

1. e4 c6 2. c4 d5 3. cxd5 cxd5 4. exd5 Nf6 5. Qa4+ Nbd7 6. Nc3 g6 7. Nf3 Bg7 8.
Bc4 O-O 9. d3 Nb6 10. Qb3 Nxc4 11. dxc4 e6 12. O-O exd5 13. cxd5 b6 14. Bf4 Bb7
15. Rfd1 Qd7 16. Rd2 Rad8 17. Rad1 Rfe8 18. h3 h6 19. Bh2 g5 20. Qc2 Qc8 21.
Qa4 a6 22. Qb3 b5 23. Bg3 Bf8 24. a3 Bd6 25. Bxd6 Rxd6 26. a4 bxa4 27. Qxa4
Red8 28. h4 Qf5 29. hxg5 hxg5 30. Qb3 Bxd5 31. Nxd5 Rxd5 32. Rxd5 Rxd5 33. Rxd5
Nxd5 34. Qb8+ Kg7 35. Qe5+ Qxe5 36. Nxe5 Kf6 37. Nd3 Nc7 38. Kf1 Ke6 39. Ke2
Kd5 40. Kd2 Kd4 41. Ne1 f6 42. Nf3+ Kc4 43. Kc2 Ne6 44. Nd2+ Kd4 45. Nf3+
1/2-1/2

[Event "Gibraltar Chess Festival 2017 - Masters"]
[Site "Gibraltar ENG"]
[Date "2017.01.28"]
[Round "5.76"]
[White "Smith, Andrew Philip"]
[Black "Siva, Mahadevan"]
[Result "0-1"]
[WhiteElo "2152"]
[BlackElo "2356"]
[PlyCount "48"]
[EventDate "2017.01.24"]
[EventType "swiss"]
[EventRounds "10"]
[EventCountry "ENG"]
[SourceTitle "Ajedrez en Madrid"]
[Source "lmi"]
[SourceDate "2017.01.24"]

1. Nf3 Nf6 2. b3 g6 3. Bb2 Bg7 4. e3 O-O 5. c4 d6 6. d4 Nbd7 7. Be2 b6 8. O-O
Bb7 9. Nc3 e5 10. dxe5 dxe5 11. Qc2 Qe7 12. Rad1 e4 13. Nd4 c6 14. Rd2 a6 15.
Qc1 Ne5 16. b4 c5 17. bxc5 bxc5 18. Nb3 Nf3+ 19. gxf3 exf3 20. Bd3 Ng4 21. Rfd1
Qh4 22. Kf1 Qxh2 23. Ke1 Qg1+ 24. Bf1 Nh2 0-1

[Event "Gibraltar Chess Festival 2017 - Masters"]
[Site "Gibraltar ENG"]
[Date "2017.01.28"]
[Round "5.77"]
[White "Bellin, Robert"]
[Black "Dasaolu, Rotimi"]
[Result "1-0"]
[WhiteElo "2353"]
[BlackElo "2051"]
[PlyCount "74"]
[EventDate "2017.01.24"]
[EventType "swiss"]
[EventRounds "10"]
[EventCountry "ENG"]
[SourceTitle "Ajedrez en Madrid"]
[Source "lmi"]
[SourceDate "2017.01.24"]

1. d4 Nf6 2. Nc3 d5 3. Bg5 c6 4. e3 Bf5 5. Bd3 Bg6 6. f4 e6 7. Nf3 Nbd7 8. Ne5
Be7 9. Qf3 Nxe5 10. fxe5 Nd7 11. O-O O-O 12. Bxe7 Qxe7 13. Bxg6 fxg6 14. Qg4
Rxf1+ 15. Rxf1 Rf8 16. e4 Rxf1+ 17. Kxf1 Nf8 18. a3 h6 19. h4 h5 20. Qg3 Kf7
21. Ne2 Ke8 22. Ke1 Qf7 23. Qe3 Kd8 24. g3 Qc7 25. Nf4 Qb6 26. b3 Ke8 27. exd5
cxd5 28. Qc3 Kd7 29. Qb4 Qxb4+ 30. axb4 b5 31. Kd2 Kc6 32. Kd3 a6 33. c4 bxc4+
34. bxc4 dxc4+ 35. Kxc4 Kc7 36. d5 exd5+ 37. Kxd5 Kd7 1-0

[Event "Gibraltar Chess Festival 2017 - Masters"]
[Site "Gibraltar ENG"]
[Date "2017.01.28"]
[Round "5.78"]
[White "Wilson, Matthew R"]
[Black "Kulkarni, Rakesh"]
[Result "0-1"]
[WhiteElo "1791"]
[BlackElo "2344"]
[PlyCount "64"]
[EventDate "2017.01.24"]
[EventType "swiss"]
[EventRounds "10"]
[EventCountry "ENG"]
[SourceTitle "Ajedrez en Madrid"]
[Source "lmi"]
[SourceDate "2017.01.24"]

1. e4 c5 2. Nc3 a6 3. f4 b5 4. Nf3 Bb7 5. d3 g6 6. Be2 Bg7 7. O-O Nc6 8. Qe1
Nd4 9. Bd1 d6 10. Nxd4 cxd4 11. Ne2 e5 12. c3 dxc3 13. Nxc3 exf4 14. Bxf4 Ne7
15. Bb3 O-O 16. Bg5 h6 17. Bf6 Bxf6 18. Rxf6 Kg7 19. Qf2 d5 20. Rb6 Rb8 21.
Qf6+ Kg8 22. Rd6 Qc7 23. Nxd5 Bxd5 24. Bxd5 Nxd5 25. Rxd5 Rb6 26. Qd4 Rc6 27.
g3 Rc8 28. Rd7 Rc1+ 29. Rxc1 Qxc1+ 30. Kg2 Rc2+ 31. Kh3 Qf1+ 32. Kg4 f5+ 0-1

[Event "Gibraltar Chess Festival 2017 - Masters"]
[Site "Gibraltar ENG"]
[Date "2017.01.28"]
[Round "5.79"]
[White "Perez Garcia, Alejandro"]
[Black "Semprun Martinez, Fernando"]
[Result "1-0"]
[WhiteElo "2398"]
[BlackElo "2174"]
[PlyCount "57"]
[EventDate "2017.01.24"]
[EventType "swiss"]
[EventRounds "10"]
[EventCountry "ENG"]
[SourceTitle "Ajedrez en Madrid"]
[Source "lmi"]
[SourceDate "2017.01.24"]

1. d4 Nf6 2. c4 g6 3. g3 c6 4. Nf3 d5 5. b3 Bg7 6. Bg2 O-O 7. O-O Ne4 8. Bb2
dxc4 9. Qc2 Nd6 10. bxc4 Bf5 11. Qc1 Na6 12. Nbd2 c5 13. d5 Qb6 14. Bxg7 Kxg7
15. Qc3+ f6 16. a3 Qc7 17. Rae1 e5 18. e4 Bd7 19. Nxe5 fxe5 20. Qxe5+ Kg8 21.
Qb2 Rae8 22. e5 Nf5 23. d6 Nxd6 24. exd6 Qxd6 25. Bd5+ Be6 26. Rxe6 Rxe6 27.
Ne4 Qe7 28. Ng5 Nc7 29. Nxe6 1-0

[Event "Gibraltar Chess Festival 2017 - Masters"]
[Site "Gibraltar ENG"]
[Date "2017.01.28"]
[Round "5.80"]
[White "Nomin-Erdene, Davaademberel"]
[Black "Aroven, Mikael"]
[Result "1-0"]
[WhiteElo "2378"]
[BlackElo "2172"]
[PlyCount "141"]
[EventDate "2017.01.24"]
[EventType "swiss"]
[EventRounds "10"]
[EventCountry "ENG"]
[SourceTitle "Ajedrez en Madrid"]
[Source "lmi"]
[SourceDate "2017.01.24"]

1. e4 c5 2. Nf3 Nc6 3. d4 cxd4 4. Nxd4 e5 5. Nb5 d6 6. c4 Be7 7. N1c3 a6 8. Na3
Be6 9. Nc2 Rc8 10. Be2 Bg5 11. O-O Bxc1 12. Rxc1 Nf6 13. Qd2 O-O 14. b3 Qd7 15.
Rfd1 Rfd8 16. Qe3 Qe7 17. Rd2 Ne8 18. Na4 f5 19. Nb6 Rb8 20. f3 Qf7 21. Rcd1 f4
22. Qf2 Qc7 23. b4 Ne7 24. a4 Nc8 25. a5 Nxb6 26. axb6 Qc6 27. b5 axb5 28. Nb4
Qc8 29. c5 Bc4 30. Bxc4+ bxc4 31. cxd6 c3 32. d7 Qc4 33. dxe8=Q+ Rxe8 34. Rd3
Qxb4 35. Qa2+ Kh8 36. Rb1 Qc5+ 37. Qf2 Qc4 38. Qc2 Qc5+ 39. Kf1 Rec8 40. Rb3
Rc6 41. Rdxc3 Qd6 42. Rxc6 bxc6 43. b7 Qc7 44. Qc5 h6 45. Qb6 Qxb6 46. Rxb6 Kg8
47. Ke2 Kf7 48. Kd3 Ke7 49. Kc4 Kd6 50. Kb4 Kc7 51. Kc5 Rxb7 52. Rxb7+ Kxb7 53.
Kd6 Kb6 54. Kxe5 Kc5 55. Ke6 Kb4 56. e5 c5 57. Kf7 c4 58. e6 c3 59. e7 c2 60.
e8=Q c1=Q 61. Qe4+ Ka3 62. Qd3+ Ka2 63. Qe2+ Ka3 64. Kxg7 Qa1+ 65. Kg6 Qg1 66.
h3 Qh2 67. Qf2 Kb3 68. Kxh6 Kc3 69. Kg5 Qh1 70. Kxf4 Qc1+ 71. Kg3 1-0

[Event "Gibraltar Chess Festival 2017 - Masters"]
[Site "Gibraltar ENG"]
[Date "2017.01.28"]
[Round "5.81"]
[White "Chan, Kim Yew"]
[Black "Szabo, Bence"]
[Result "1/2-1/2"]
[WhiteElo "2152"]
[BlackElo "2378"]
[PlyCount "60"]
[EventDate "2017.01.24"]
[EventType "swiss"]
[EventRounds "10"]
[EventCountry "ENG"]
[SourceTitle "Ajedrez en Madrid"]
[Source "lmi"]
[SourceDate "2017.01.24"]

1. d4 Nf6 2. g3 c5 3. d5 e6 4. c4 exd5 5. cxd5 g6 6. Bg2 Bg7 7. Nc3 O-O 8. Nf3
d6 9. O-O Na6 10. Bf4 Nc7 11. e4 Bg4 12. h3 Bxf3 13. Bxf3 Nfe8 14. a4 b6 15.
Qd2 a6 16. Rfd1 Rb8 17. Rab1 b5 18. b4 cxb4 19. Rxb4 a5 20. Rxb5 Nxb5 21. Nxb5
Nc7 22. Nd4 Qd7 23. Nc6 Rb3 24. Bg2 Rb2 25. Qc1 Rb3 26. Qc2 Rb2 27. Qc1 Ra2 28.
Qc4 Ra3 29. Bd2 Ra8 30. Bxa5 Na6 1/2-1/2

[Event "Gibraltar Chess Festival 2017 - Masters"]
[Site "Gibraltar ENG"]
[Date "2017.01.28"]
[Round "5.82"]
[White "Sodoma, Jan"]
[Black "Alberto, Manuel"]
[Result "1-0"]
[WhiteElo "2344"]
[BlackElo "2168"]
[PlyCount "77"]
[EventDate "2017.01.24"]
[EventType "swiss"]
[EventRounds "10"]
[EventCountry "ENG"]
[SourceTitle "Ajedrez en Madrid"]
[Source "lmi"]
[SourceDate "2017.01.24"]

1. c4 Nf6 2. Nc3 c5 3. g3 g6 4. Bg2 Bg7 5. b3 O-O 6. Bb2 Nc6 7. Nf3 d6 8. O-O
Bd7 9. e3 Qa5 10. d4 Rfe8 11. Qe2 Bg4 12. dxc5 Qxc5 13. h3 Be6 14. Rfd1 Rac8
15. Rac1 Qa5 16. a3 Qa6 17. Bf1 Na5 18. Qc2 Qb6 19. Nd2 Bf5 20. e4 Bd7 21. b4
Nc6 22. c5 dxc5 23. Nc4 Qc7 24. Nb5 Qd8 25. e5 Nh5 26. bxc5 Nb8 27. Nxa7 Rxc5
28. Bd4 Qc7 29. Qe4 Bh6 30. Rc3 Ba4 31. Bxc5 Qxc5 32. Qd4 Na6 33. Nb2 Qxd4 34.
Rxd4 Ra8 35. Nc8 Bc6 36. Nxe7+ Kg7 37. Nxc6 bxc6 38. Rxc6 Rb8 39. Nd1 1-0

[Event "Gibraltar Chess Festival 2017 - Masters"]
[Site "Gibraltar ENG"]
[Date "2017.01.28"]
[Round "5.83"]
[White "Gulamali, Kazim"]
[Black "Seyfried, Claus"]
[Result "1-0"]
[WhiteElo "2341"]
[BlackElo "2152"]
[PlyCount "91"]
[EventDate "2017.01.24"]
[EventType "swiss"]
[EventRounds "10"]
[EventCountry "ENG"]
[SourceTitle "Ajedrez en Madrid"]
[Source "lmi"]
[SourceDate "2017.01.24"]

1. Nf3 d5 2. c4 c6 3. e3 e6 4. b3 Nf6 5. Bb2 Bd6 6. d4 Ne4 7. Bd3 f5 8. O-O O-O
9. Ne5 Nd7 10. f3 Nec5 11. Be2 Nxe5 12. dxe5 Be7 13. Nd2 a5 14. Rc1 a4 15. b4
a3 16. Bd4 Na6 17. cxd5 cxd5 18. b5 Nb4 19. Qb3 Qa5 20. Qb1 b6 21. Rc7 Bd8 22.
Nb3 Qa4 23. Bxb6 Bxc7 24. Bxc7 d4 25. Rc1 Nd5 26. exd4 Qa7 27. Bd6 Rd8 28. Nc5
Qb6 29. Bc4 Rxd6 30. exd6 Qxd6 31. Qb3 Qf4 32. Rd1 Qe3+ 33. Kh1 Qxb3 34. Bxb3
Rb8 35. Bxd5 exd5 36. Rb1 Kf7 37. b6 Bb7 38. Re1 Bc6 39. b7 f4 40. Kg1 Bb5 41.
Rb1 Bc4 42. g3 fxg3 43. hxg3 Ke7 44. Kf2 Kd6 45. Rb6+ Kc7 46. Rb4 1-0

[Event "Gibraltar Chess Festival 2017 - Masters"]
[Site "Gibraltar ENG"]
[Date "2017.01.28"]
[Round "5.84"]
[White "Finsterwalder, Sebastian"]
[Black "Bellon Lopez, Juan Manuel"]
[Result "1-0"]
[WhiteElo "2130"]
[BlackElo "2339"]
[PlyCount "82"]
[EventDate "2017.01.24"]
[EventType "swiss"]
[EventRounds "10"]
[EventCountry "ENG"]
[SourceTitle "Ajedrez en Madrid"]
[Source "lmi"]
[SourceDate "2017.01.24"]

1. d4 d5 2. c4 c6 3. Nf3 Nf6 4. e3 a6 5. Qc2 g6 6. Bd3 Bg7 7. O-O O-O 8. Nbd2
Nbd7 9. b3 e6 10. Bb2 Re8 11. h3 a5 12. a3 Bf8 13. c5 b6 14. b4 bxc5 15. bxc5
Ba6 16. Bxa6 Rxa6 17. Rab1 Ra7 18. Bc3 Bg7 19. Rb3 Qc8 20. Rfb1 Qa6 21. R1b2
Rea8 22. Qb1 Ne8 23. e4 a4 24. Rb4 Nxc5 25. Rb6 Qd3 26. Bb4 Qxb1+ 27. Rxb1 Nxe4
28. Nxe4 dxe4 29. Ne5 Ra6 30. Rb7 Rc8 31. Bc5 Bxe5 32. dxe5 Nc7 33. Rxc7 Raa8
34. Rbb7 Rxc7 35. Rxc7 Kg7 36. Be7 g5 37. Rxc6 Kg6 38. g4 Rb8 39. Rc4 Rb3 40.
Kg2 e3 41. fxe3 Rxe3 1-0

[Event "Gibraltar Chess Festival 2017 - Masters"]
[Site "Gibraltar ENG"]
[Date "2017.01.28"]
[Round "5.85"]
[White "Piasetski, Leon"]
[Black "Herzwurm, Robert"]
[Result "1-0"]
[WhiteElo "2327"]
[BlackElo "2143"]
[PlyCount "61"]
[EventDate "2017.01.24"]
[EventType "swiss"]
[EventRounds "10"]
[EventCountry "ENG"]
[SourceTitle "Ajedrez en Madrid"]
[Source "lmi"]
[SourceDate "2017.01.24"]

1. c4 e6 2. Nf3 f5 3. g3 Nf6 4. Bg2 d5 5. O-O Bd6 6. Nc3 c6 7. d3 O-O 8. e4
dxe4 9. dxe4 e5 10. Qc2 Nxe4 11. Nxe4 fxe4 12. Ng5 Bf5 13. Bxe4 Qf6 14. c5 h6
15. Bxf5 Qxf5 16. Qb3+ Kh8 17. Ne6 Re8 18. Nxg7 Kxg7 19. cxd6 b6 20. Qa4 Nd7
21. Qxc6 e4 22. Qc3+ Kh7 23. Bf4 Rg8 24. Kh1 Nc5 25. Qe3 Nd3 26. f3 Nxf4 27.
fxe4 Nd5 28. Qd4 Qg4 29. Rf7+ Rg7 30. Qxd5 Qe2 31. Raf1 1-0

[Event "Gibraltar Chess Festival 2017 - Masters"]
[Site "Gibraltar ENG"]
[Date "2017.01.28"]
[Round "5.86"]
[White "Suez-Panama, Gilles"]
[Black "Webb, Laurence E"]
[Result "0-1"]
[WhiteElo "2010"]
[BlackElo "2313"]
[PlyCount "76"]
[EventDate "2017.01.24"]
[EventType "swiss"]
[EventRounds "10"]
[EventCountry "ENG"]
[SourceTitle "Ajedrez en Madrid"]
[Source "lmi"]
[SourceDate "2017.01.24"]

1. Nf3 Nf6 2. g3 d5 3. Bg2 c5 4. O-O Nc6 5. d3 Bg4 6. Nbd2 e6 7. Re1 Be7 8. c3
O-O 9. Qc2 Qc7 10. e4 dxe4 11. dxe4 Nd7 12. Nc4 b5 13. Ne3 Bh5 14. h4 Bxf3 15.
Bxf3 c4 16. Ng4 Rad8 17. Bf4 Qb6 18. b4 f6 19. Be3 Qc7 20. Be2 Bd6 21. f4 f5
22. exf5 exf5 23. Nf2 g6 24. a4 a6 25. axb5 axb5 26. Bf3 Ra8 27. Bd5+ Kg7 28.
Rxa8 Rxa8 29. Nh3 h6 30. Qg2 Ra6 31. g4 fxg4 32. Bxc6 gxh3 33. Bd4+ Be5 34.
fxe5 hxg2 35. Bxd7 Kh7 36. e6 Qg3 37. Bf2 Qh3 38. Bd4 Ra2 0-1

[Event "Gibraltar Chess Festival 2017 - Masters"]
[Site "Gibraltar ENG"]
[Date "2017.01.28"]
[Round "5.87"]
[White "Broekman, Willem"]
[Black "Povah, Nigel E"]
[Result "1-0"]
[WhiteElo "1997"]
[BlackElo "2298"]
[PlyCount "57"]
[EventDate "2017.01.24"]
[EventType "swiss"]
[EventRounds "10"]
[EventCountry "ENG"]
[SourceTitle "Ajedrez en Madrid"]
[Source "lmi"]
[SourceDate "2017.01.24"]

1. d4 Nf6 2. c4 e6 3. Nc3 c5 4. d5 exd5 5. cxd5 d6 6. Nf3 g6 7. Nd2 Bg7 8. Nc4
O-O 9. g3 b6 10. a4 Na6 11. Bg2 Nc7 12. Nxd6 Qxd6 13. Bf4 Qd7 14. d6 Ba6 15.
dxc7 Rac8 16. Qxd7 Nxd7 17. O-O Ne5 18. a5 b5 19. Rfd1 b4 20. Nd5 Rfe8 21. Bg5
Kf8 22. Bf6 Bxe2 23. Re1 Bc4 24. Bxg7+ Kxg7 25. Nb6 axb6 26. axb6 Bb5 27. Bb7
Kf8 28. Rxe5 Rxe5 29. Bxc8 1-0

[Event "Gibraltar Chess Festival 2017 - Masters"]
[Site "Gibraltar ENG"]
[Date "2017.01.28"]
[Round "5.88"]
[White "Hamer, Martyn"]
[Black "Buchenau, Frank"]
[Result "0-1"]
[WhiteElo "2039"]
[BlackElo "2274"]
[PlyCount "70"]
[EventDate "2017.01.24"]
[EventType "swiss"]
[EventRounds "10"]
[EventCountry "ENG"]
[SourceTitle "Ajedrez en Madrid"]
[Source "lmi"]
[SourceDate "2017.01.24"]

1. d4 e6 2. c4 Nf6 3. Nf3 b6 4. g3 Bb7 5. Bg2 Be7 6. O-O O-O 7. Re1 Qc8 8. Bg5
h6 9. Bxf6 Bxf6 10. e4 d6 11. Nc3 Nd7 12. Rc1 c6 13. Qe2 Qc7 14. b4 a6 15. a4
Rfe8 16. Qb2 c5 17. bxc5 bxc5 18. d5 Ne5 19. Nxe5 Bxe5 20. Qc2 Bc8 21. Rb1 Bd7
22. Ne2 exd5 23. f4 Bf6 24. e5 dxe5 25. Bxd5 Rab8 26. f5 e4 27. Bxe4 Rxb1 28.
Rxb1 Qe5 29. Bd3 Qe3+ 30. Kg2 Bc6+ 31. Kh3 Qf3 32. Nf4 Qxf4 33. gxf4 Re3+ 34.
Kg4 h5+ 35. Kxh5 Bf3# 0-1

[Event "Gibraltar Chess Festival 2017 - Masters"]
[Site "Gibraltar ENG"]
[Date "2017.01.28"]
[Round "5.89"]
[White "Bergstrom, Rolf"]
[Black "Agbabishvili, Lali"]
[Result "1-0"]
[WhiteElo "2268"]
[BlackElo "2095"]
[PlyCount "93"]
[EventDate "2017.01.24"]
[EventType "swiss"]
[EventRounds "10"]
[EventCountry "ENG"]
[SourceTitle "Ajedrez en Madrid"]
[Source "lmi"]
[SourceDate "2017.01.24"]

1. e4 c5 2. Nf3 d6 3. Bb5+ Nd7 4. O-O a6 5. Bd3 Ngf6 6. c3 e5 7. Bc2 Be7 8. d4
b5 9. Re1 O-O 10. Nbd2 Re8 11. Nf1 Bb7 12. d5 c4 13. Ng3 Nc5 14. h3 g6 15. Be3
Qc7 16. Qd2 Bf8 17. Nh2 Bg7 18. f3 Bc8 19. Ng4 h5 20. Nf2 Nh7 21. b4 Nd7 22. a4
Bb7 23. Ne2 Qd8 24. g4 hxg4 25. hxg4 Bf6 26. Nh3 Bh4 27. Rf1 g5 28. axb5 axb5
29. Rxa8 Bxa8 30. Ra1 f6 31. Ra5 Qb8 32. Kg2 Kf7 33. Ba7 Qb7 34. Qc1 Nhf8 35.
Qa1 Ke7 36. Bg1 Rb8 37. Ra6 Qc8 38. Ba7 Rb7 39. Nf2 Ng6 40. Nd1 Qc7 41. Bg1 Rb8
42. Rxa8 Rxa8 43. Qxa8 Nf4+ 44. Kf1 Nh3 45. Ne3 Nxg1 46. Nf5+ Kf7 47. Qh8 1-0

[Event "Gibraltar Chess Festival 2017 - Masters"]
[Site "Gibraltar ENG"]
[Date "2017.01.28"]
[Round "5.90"]
[White "Kantane, Anna"]
[Black "Korning, Peter"]
[Result "1-0"]
[WhiteElo "2259"]
[BlackElo "2080"]
[PlyCount "41"]
[EventDate "2017.01.24"]
[EventType "swiss"]
[EventRounds "10"]
[EventCountry "ENG"]
[SourceTitle "Ajedrez en Madrid"]
[Source "lmi"]
[SourceDate "2017.01.24"]

1. e4 e5 2. Nf3 Nc6 3. d4 exd4 4. Nxd4 Nf6 5. Nc3 Bb4 6. Nxc6 bxc6 7. Qd4 Qe7
8. f3 d5 9. Bg5 c5 10. Bb5+ Kf8 11. Qd3 d4 12. O-O-O Bxc3 13. bxc3 h6 14. Bh4
g5 15. Bf2 Be6 16. cxd4 c4 17. Bxc4 Bxc4 18. Qxc4 Qa3+ 19. Kd2 Rd8 20. d5 c6
21. Bc5+ 1-0

[Event "Gibraltar Chess Festival 2017 - Masters"]
[Site "Gibraltar ENG"]
[Date "2017.01.28"]
[Round "5.91"]
[White "Plotkin, Victor"]
[Black "Hewson, Brian Wr"]
[Result "1-0"]
[WhiteElo "2253"]
[BlackElo "2055"]
[PlyCount "107"]
[EventDate "2017.01.24"]
[EventType "swiss"]
[EventRounds "10"]
[EventCountry "ENG"]
[SourceTitle "Ajedrez en Madrid"]
[Source "lmi"]
[SourceDate "2017.01.24"]

1. e4 c6 2. d4 d5 3. Nd2 dxe4 4. Nxe4 Nd7 5. Nf3 Ngf6 6. Ng3 e6 7. Bd3 c5 8.
O-O Be7 9. c3 O-O 10. Qc2 b6 11. Rd1 Qc7 12. Be3 Bb7 13. Ng5 h6 14. Nh7 Nxh7
15. Bxh7+ Kh8 16. Be4 Bxe4 17. Qxe4 Nf6 18. Bf4 Nxe4 19. Bxc7 Nf6 20. dxc5 Bxc5
21. Bd6 Rfc8 22. Bxc5 Rxc5 23. f3 Kg8 24. Kf2 Kf8 25. Rd4 Ke7 26. Rad1 Rc7 27.
Nf1 Rd7 28. Rxd7+ Nxd7 29. Ne3 Rc8 30. Ke2 Rc5 31. Rd4 Ne5 32. c4 Nc6 33. Rd2
a5 34. b3 Re5 35. Kf2 h5 36. Nc2 Rc5 37. Na3 Na7 38. Ke3 Re5+ 39. Kf2 Rc5 40.
f4 f6 41. Ke3 g5 42. g3 gxf4+ 43. gxf4 Rc8 44. Rg2 Kf7 45. Nb1 b5 46. Na3 Rc5
47. Rc2 b4 48. Rd2 Ke7 49. Rg2 Kf7 50. Nc2 Nc6 51. Nd4 Ne7 52. Rg7+ Ke8 53.
Nxe6 Nf5+ 54. Ke4 1-0

[Event "Gibraltar Chess Festival 2017 - Masters"]
[Site "Gibraltar ENG"]
[Date "2017.01.28"]
[Round "5.92"]
[White "Gillis Onieva, Celia"]
[Black "De Francesco, Klaus"]
[Result "0-1"]
[WhiteElo "1966"]
[BlackElo "2252"]
[PlyCount "88"]
[EventDate "2017.01.24"]
[EventType "swiss"]
[EventRounds "10"]
[EventCountry "ENG"]
[SourceTitle "Ajedrez en Madrid"]
[Source "lmi"]
[SourceDate "2017.01.24"]

1. Nf3 Nf6 2. g3 d5 3. Bg2 e6 4. d4 b5 5. O-O Bb7 6. b3 Nbd7 7. c4 bxc4 8. bxc4
dxc4 9. Qc2 Be7 10. Nbd2 O-O 11. Nxc4 Nb6 12. Nce5 Be4 13. Qd1 Qd5 14. a4 a5
15. Ba3 Bb4 16. Nd3 Bxa3 17. Rxa3 Qd6 18. Rc3 Nfd5 19. Rc1 Bxd3 20. Qxd3 Nb4
21. Qc3 Ra7 22. Ra1 Rd8 23. Rfc1 Qd7 24. Qb3 h6 25. e3 Qd5 26. Nd2 Qh5 27. Nc4
N6d5 28. Ne5 Rb8 29. Bxd5 exd5 30. Qd1 Qf5 31. Nc6 Nxc6 32. Rxc6 Rb2 33. Qf1
Rab7 34. Rac1 Ra2 35. Rxc7 Rbb2 36. e4 dxe4 37. R7c5 Qf6 38. Rc6 Qxd4 39. Rd1
Qxf2+ 40. Qxf2 Rxf2 41. Rc8+ Kh7 42. h4 Rg2+ 43. Kf1 Raf2+ 44. Ke1 e3 0-1

[Event "Gibraltar Chess Festival 2017 - Masters"]
[Site "Gibraltar ENG"]
[Date "2017.01.28"]
[Round "5.93"]
[White "Bannink, Bernard"]
[Black "Berrocal Ruiz, Valentin"]
[Result "1/2-1/2"]
[WhiteElo "2244"]
[BlackElo "2042"]
[PlyCount "100"]
[EventDate "2017.01.24"]
[EventType "swiss"]
[EventRounds "10"]
[EventCountry "ENG"]
[SourceTitle "Ajedrez en Madrid"]
[Source "lmi"]
[SourceDate "2017.01.24"]

1. d4 Nf6 2. Nf3 e6 3. e3 b6 4. Bd3 Bb7 5. b3 Be7 6. Nbd2 c5 7. Bb2 d6 8. O-O
O-O 9. c4 Nbd7 10. Rc1 Qc7 11. Qe2 Rfe8 12. Bb1 Rad8 13. Rfe1 Qb8 14. e4 Nf8
15. e5 N6d7 16. exd6 Bxd6 17. Ne4 Be7 18. dxc5 Nxc5 19. Nxc5 Bxc5 20. Be4 Ng6
21. g3 Qa8 22. Bxb7 Qxb7 23. Red1 Qc7 24. Rc2 Rxd1+ 25. Qxd1 Rd8 26. Rd2 Rxd2
27. Qxd2 Qd6 28. Qxd6 Bxd6 29. Kf1 Kf8 30. Nd4 a6 31. f4 Ne7 32. Ke2 Ke8 33.
Nf3 f6 34. Bd4 Nc8 35. Nd2 Kd7 36. Ne4 Kc6 37. Kf3 Bb4 38. g4 Nd6 39. Nxd6 Bxd6
40. Ke4 Kc7 41. h4 Kc6 42. h5 Be7 43. Bb2 g6 44. f5 exf5+ 45. gxf5 g5 46. a3
Bd8 47. a4 a5 48. Ba3 Bc7 49. Bb2 Bd8 50. Bd4 Be7 1/2-1/2

[Event "Gibraltar Chess Festival 2017 - Masters"]
[Site "Gibraltar ENG"]
[Date "2017.01.28"]
[Round "5.94"]
[White "Newbry, Benjamin J"]
[Black "Cordes, Hans-Joerg"]
[Result "0-1"]
[WhiteElo "1879"]
[BlackElo "2242"]
[PlyCount "42"]
[EventDate "2017.01.24"]
[EventType "swiss"]
[EventRounds "10"]
[EventCountry "ENG"]
[SourceTitle "Ajedrez en Madrid"]
[Source "lmi"]
[SourceDate "2017.01.24"]

1. f4 d5 2. Nf3 g6 3. g3 Bg7 4. Bg2 c6 5. O-O Nh6 6. c3 O-O 7. d3 Qb6+ 8. e3
Nd7 9. Kh1 Nc5 10. Qc2 Bf5 11. Ne1 Qa6 12. e4 dxe4 13. dxe4 Bxe4 14. Qf2 Ng4
15. Qg1 Bxg2+ 16. Kxg2 Qe2+ 17. Kh1 Ne4 18. Qg2 Qa6 19. Na3 Rad8 20. Nf3 Rd5
21. h3 Nxg3+ 0-1